| 000 | 00361nam a2200145Ia 4500 | ||
|---|---|---|---|
| 008 | 151213s9999 xx 000 0 und d | ||
| 100 | _aP.J.Fitzgerald | ||
| 245 |
_aSalmond on Jaris Pradence _cP.J.Fitzgerald |
||
| 260 |
_aNew Zeland _bUniversal Law _c2005 |
||
| 300 | _a2565 p. | ||
| 650 | _aLaw | ||
| 650 | _aLaw | ||
| 700 | _aP.J.Fitzgerald | ||
| 999 |
_c1723 _d1723 |
||